Normal view
MARC view
- Somerville .E. Ce
Entry Personal Name
001 - CONTROL NUMBER
- control field: 108298
003 - CONTROL NUMBER IDENTIFIER
- control field: NUST
005 - DATE AND TIME OF LATEST TRANSACTION
- control field: 20230131154047.0
008 - FIXED-LENGTH DATA ELEMENTS
- fixed length control field: 230131|| aca||aabn | a|a d
040 ## - CATALOGING SOURCE
- Original cataloging agency: NUST
- Transcribing agency: NUST
100 ## - HEADING--PERSONAL NAME
- Personal name: Somerville .E. Ce
670 ## - SOURCE DATA FOUND
- Source citation: Work cat.: (NUST)187227: Somerville .E. Ce, Further Experiences of An Irish R.M /
